Egypt and the Levant : interrelations from the 4th through the early 3rd millenium BCE
Saved in:
| Other Authors: | , |
|---|---|
| Format: | Book |
| Language: | English |
| Published: |
London; : New York :
Leicester University Press,
[2002]
|
| Series: | New approaches to anthropological archaeology
|
| Subjects: | |
| Tags: |
Add Tag
No Tags, Be the first to tag this record!
|
MARC
| LEADER | 00000nam a2200000 i 4500 | ||
|---|---|---|---|
| 001 | 1/53406 | ||
| 008 | 070831s2002 eng d | ||
| 020 | |a 0-7185-0262-0 (hbk.) | ||
| 035 | |l 10090277 | ||
| 040 | |a GR-MY-UA |b gre |e aacr | ||
| 041 | 0 | |a eng | |
| 082 | 0 | |a 932.01 |2 (22) | |
| 245 | 1 | 0 | |a Egypt and the Levant : |b interrelations from the 4th through the early 3rd millenium BCE / |c edited by Edwin C. M. van den Brink and Thomas E. Levy |
| 260 | |a London; : |a New York : |b Leicester University Press, |c [2002] | ||
| 300 | |a xxi, 547 σ.; |b εικ., σχ., χαρτ.; |c 28 εκ. | ||
| 490 | 1 | |a New Approaches to Anthropological Archaeology | |
| 504 | |a Περιλαμβάνει βιβλιογραφίες και ευρετήριο | ||
| 651 | 0 | |a Egypt |x Relations |z Jordan. | |
| 651 | 0 | |a Egypt |x Antiquities. | |
| 651 | 0 | |a Palestine |x Relations |z Egypt. | |
| 651 | 0 | |a Jordan |x Relations |z Egypt. | |
| 651 | 0 | |a Palestine |x Antiquities. | |
| 651 | 0 | |a Jordan |x Antiquities. | |
| 651 | 0 | |a Middle East |x Civilization |y To 622. | |
| 651 | 0 | |a Egypt |x Relations |z Palestine. | |
| 700 | 1 | |a Brink, J. H. van den |d 1925- |4 edt | |
| 700 | 1 | |a Levy, Thomas Evan. |4 edt | |
| 830 | 0 | |a New approaches to anthropological archaeology | |
| 852 | |a INST |b RHODES |e 20070831 |h 932.01 EGY |p 005400026034 |q 005400026034 |t BK |y 0 | ||
| 901 | |a BIBL4-2007-2 | ||
| 909 | |a Ρ |b 138036 | ||
| 922 | |a 4ΕΛΗ |b 200707 |c ΕΠΕΑΕΚ2/ΤΜΣ |d ΕΛΕΥΘΕΡΟΥΔΑΚΗΣ | ||
| 970 | |a ΧΑΡΙΟΠΟΛΙΤΟΥ |b ΚΩΝΣΤΑΝΤΙΝΑ |z 2007/08/31 | ||